000 01384nam1a2200361 i 4500
001 RU\NLR\bibl\1808320
005 20260409080451.0
035 _a(NLR Aleph) 001798957
090 _a1788857
_c1788857
100 _a20110909d20109999u y0rusy50 ca
101 1 _arus
_cscc
102 _aRU
105 _a||||z |||||
200 1 _aТворения святителя Николая Сербского (Велимировича)
_fпер. с серб. Сергея Фонова
_gобщ. ред. Ильи Числова
210 _aМосква
_cПаломник
_cПравославный Паломник-М
_d2010
215 _d21
463 0 _10011712935
463 0 _10011736191
463 0 _10011992194
463 0 _10011994718
500 _7ca
_aБиблия
_92631014
_3RU\NLR\AUTH\553047
606 _aДуховно-нравственное чтение
_92074545
_3RU\NLR\auth\661249549
686 _aЭ372.25-681.2
700 0 _4070
_7ca
_8rus
_aНиколай
_cВелимирович, Никола
_cепископ Охридский и Жичский
_f1880-1956
_9119342
_3RU\NLR\AUTH\779514
702 1 _aЧислов
_bИ. М.
_gИлья М
_4340
801 0 _aRU
_bNLR
_c20110909
_gRCR
801 1 _aRU
_bNLR
_c20110909
852 _aNLR
_j2010-3/41436
942 _cBOOK
980 _aNBR